Word Ladder: 2011 Royal UK Wedding Quiz Stats

 Plays Quiz Updated Jul 14, 2017

Support Sporcle.
Go Orange.
Score 0/11 Timer 01:00
0 Plays Today
Clue 4-Letter Word % Correct
Item of clothing worn on the feetSOCK
92%
Large stoneROCK
91.2%
Opposite of blowSUCK
89.2%
Contest to see who is the fastestRACE
89.1%
Clothing material from a mothSILK
88.7%
Surface in front of a windowSILL
88%
♔ Name of the groom ♔♔ WILL ♔
85.8%
MopeSULK
85.4%
A series of stacked shelvesRACK
83.8%
Give a score out of 5RATE
81.4%
♕ Name of the bride ♕♕ KATE ♕
81.3%

Today's Daily Dose

Word Ladder
New Dimensions!

Quick Pick
'Animal' Fish

Get the Picture
Bird or Food?

You're not logged in!

Compare scores with friends on all Sporcle quizzes.
OR
Log In
Forgot?

From the Vault

WCW Most Nitro Matches

by freddie3000

According to Tony Schiavone, this is the greatest WCW Monday Nitro quiz in the history of Sporcle.
Remove Ads.
Support Sporcle.
Get the best of Sporcle when you Go Orange. This ad-free experience offers more features, more stats, and more fun while also helping to support Sporcle. Thank you for becoming a member.

Show Comments

Extras

Top Quizzes Today


Score Distribution

Your Account Isn't Verified!

In order to create a playlist on Sporcle, you need to verify the email address you used during registration. Go to your Sporcle Settings to finish the process.

Report this User

Report this user for behavior that violates our Community Guidelines.

Details: